000 00703nam a22002297a 4500
005 20170124110026.0
010 _aB-047137
020 _c350.00
_a8120311469
035 _aB-047137
037 _bCen Lib/Ret
040 _aDPL
_bEN
082 _a658.4038
_bOBR
100 _aObrein, A. James
_920612
245 _aManagement information systems /
_cby James A. obrien
260 _bGalgotia publications
_aNew Delhi
_c1996
270 _b New Delhi
_e110002
_a5,Ansari road Daryaganj
300 _axxxiii,670p.
_c26cm(Hb)
500 _aIncludes index
650 _aHuman resource management
_99535
650 _aManagemnet system
_920613
942 _2ddc
_cEN
_h658.4038
_mOBR
999 _c127484
_d127484